Palindromic Words Quiz Stats

 Plays Quiz Updated Jan 12, 2012

     
Support Sporcle.
Go Orange.
Score 0/20 Timer 04:00
4 Plays Today
Clue Palindrome % Correct
Parent (feminine)Mom
98%
Parent (masculine)Dad
95.9%
Twelve o'clock in the daytime.Noon
91.8%
Three letter body part (no slang)Eye
75.5%
A bomb or missile that fails to explodeDud
75.2%
A female sheepEwe
67.3%
An exclamation of surprise, wonder, pleasureWow
66.8%
Portable boat styled like an Eskimo canoeKayak
60.8%
Cloth or plastic shield tied under the chin to protect the clothesBib
59.2%
Fast moving vehicleRacecar
55.6%
Clue Palindrome % Correct
Woman in charge of a house of prostitutionMadam
53.8%
The plural of any performance, as a dance, by one person.Solos
44.5%
Having a flat or even surfaceLevel
36%
Corporal Walter Eugene O'Reilly on M*A*S*H*Radar
35.4%
Signed document containing some legal transfer, bargain, or contractDeed
27.6%
The 2 major forms of individuals that occur in many speciesSexes
27.4%
Of or pertaining to a city; municipalCivic
15.6%
A principle, belief, or doctrine generally held to be trueTenet
15%
To send or direct for treatment, aid, information, or decisionRefer
13.5%
That which turns around an axisRotator
10.2%

From the Vault

Last Names in Movies?

by JoeBeta

Movies 6m
As a child, it was always scary to be called by your full name, but this quiz makes it downright pleasant.
Remove Ads.
Support Sporcle.
Get the best of Sporcle when you Go Orange. This ad-free experience offers more features, more stats, and more fun while also helping to support Sporcle. Thank you for becoming a member.

Show Comments

Extras

Top Quizzes Today


Score Distribution

Your Account Isn't Verified!

In order to create a playlist on Sporcle, you need to verify the email address you used during registration. Go to your Sporcle Settings to finish the process.

Report this User

Report this user for behavior that violates our Community Guidelines.

Details: